[Event "Titled Tue 27th May Early"]
[Site "chess.com INT"]
[Date "2025.05.27"]
[Round "11"]
[White "Bonaveri, Agustin"]
[Black "Luukkonen, Tommi"]
[Result "0-1"]
[WhiteTitle "FM"]
[BlackTitle "FM"]
[WhiteElo "2367"]
[BlackElo "2250"]
[WhiteFideId "104027"]
[BlackFideId "501808"]
[EventDate "2025.05.27"]

1. c4 e5 2. g3 c6 3. d4 e4 4. d5 Bb4+ 5. Nc3 cxd5 6. cxd5 Nf6 7. Qd4 Na6 8. Bg5
O-O 9. Bxf6 Qxf6 10. Qxf6 gxf6 11. O-O-O Bxc3 12. bxc3 d6 13. e3 Nc5 14. Kd2 Bg4
15. Rb1 Rac8 16. h3 Bf5 17. Ne2 Rc7 18. Nd4 Bd7 19. Be2 a6 20. g4 b5 21. Rhc1
Rfc8 22. c4 bxc4 23. Rxc4 Re8 24. Rcb4 Re5 25. Rb8+ Kg7 26. Rd8 Rxd5 27. Rbb8
Ne6 28. Rg8+ Kh6 29. Bxa6 Nxd4 30. exd4 Rxd4+ 31. Ke3 Ra4 32. Ra8 Rc3+ 33. Kf4
Rf3# 0-1

[Event "Titled Tue 27th May Early"]
[Site "chess.com INT"]
[Date "2025.05.27"]
[Round "11"]
[White "Kushko, Dmitriy"]
[Black "Wijerathna, Vinuka Dihain"]
[Result "1-0"]
[WhiteTitle "IM"]
[BlackTitle "CM"]
[WhiteElo "2454"]
[BlackElo "2063"]
[WhiteFideId "14162261"]
[BlackFideId "29981905"]
[EventDate "2025.05.27"]

1. g3 d5 2. Bg2 Nf6 3. Nf3 Nbd7 4. d4 e6 5. O-O b5 6. a4 b4 7. c4 bxc3 8. Nxc3
Be7 9. Bf4 Ba6 10. Nb5 Bxb5 11. axb5 O-O 12. Qc2 Bd6 13. Ra6 Bxf4 14. gxf4 Qb8
15. Qc6 Rd8 16. Rc1 Ne8 17. Ne5 Ndf6 18. Qc5 Rd6 19. Nc6 Qb7 20. Rca1 Nd7 21.
Qb4 g6 22. Rxa7 Rxa7 23. Rxa7 Qb6 24. Ra6 Qb7 25. Qa5 Nef6 26. Ra7 Qb6 27. Rxc7
Rxc6 28. Qa8+ Kg7 29. Qxc6 Qxd4 30. Rxd7 Ne4 31. Bxe4 Qxe4 32. Qc7 Qb1+ 33. Kg2
Qe4+ 34. Kg3 Qf5 35. Qe5+ Qxe5 36. fxe5 Kf8 37. b6 Ke8 1-0

[Event "Titled Tue 27th May Early"]
[Site "chess.com INT"]
[Date "2025.05.27"]
[Round "11"]
[White "Angulo Perez, Sebastian"]
[Black "Chen, Yidong"]
[Result "1-0"]
[WhiteTitle "CM"]
[WhiteElo "2026"]
[BlackElo "2038"]
[WhiteFideId "6544045"]
[BlackFideId "8607028"]
[EventDate "2025.05.27"]

1. e4 c6 2. d4 d5 3. e5 Bf5 4. h4 h5 5. Bd3 Bxd3 6. Qxd3 e6 7. Nf3 Qa5+ 8. Nbd2
Qa6 9. c4 Ne7 10. O-O Nf5 11. Rd1 Be7 12. b3 Nxh4 13. Nxh4 Bxh4 14. a4 Be7 15.
Nf3 Nd7 16. Bg5 Bxg5 17. Nxg5 g6 18. Qf3 Rf8 19. Nh7 Rg8 20. Ng5 Rg7 21. cxd5
cxd5 22. Rac1 Qb6 23. Qe3 Rg8 24. Qf3 Rg7 25. Rc3 Qd8 26. Qf4 Rc8 27. Rdc1 Rxc3
28. Rxc3 Nb8 29. Qc1 Nc6 30. Qf4 a5 31. Rf3 Qe7 32. Kh2 Kf8 33. Qe3 Kg8 34. Rf6
Qb4 35. Qf3 Qxd4 36. Nxf7 Qh4+ 37. Kg1 Kh7 38. Qe3 d4 39. Qh6+ 1-0

[Event "Titled Tue 27th May Early"]
[Site "chess.com INT"]
[Date "2025.05.27"]
[Round "11"]
[White "Sabuk, Piotr"]
[Black "Mikhalsky, Vladimir"]
[Result "0-1"]
[WhiteTitle "IM"]
[WhiteElo "2321"]
[BlackElo "2219"]
[WhiteFideId "1137565"]
[BlackFideId "14144352"]
[EventDate "2025.05.27"]

1. e4 g6 2. d4 Bg7 3. Nc3 d6 4. Nf3 a6 5. Be2 b5 6. Be3 Nf6 7. a3 Bb7 8. Nd2
Nbd7 9. O-O c5 10. d5 O-O 11. a4 b4 12. Ncb1 e6 13. Nc4 Nxe4 14. dxe6 d5 15.
exd7 dxc4 16. Bxc4 Bxb2 17. Ra2 Bg7 18. f3 Nf6 19. Bxc5 Nxd7 20. Bxf8 Bxf8 21.
Nd2 Ne5 22. Bb3 Qb6+ 23. Kh1 Rd8 24. Qe2 Qd4 25. Ne4 Kg7 26. Raa1 Re8 27. Rad1
Qb6 28. Qd2 Bxe4 29. fxe4 f6 30. Qd5 Rb8 31. a5 Qe3 32. Qg8+ Kh6 33. Rde1 Qd4
34. Qe6 f5 35. exf5 Ng4 36. fxg6 hxg6 37. Qe2 Bc5 38. Qxa6 Qg1+ 39. Rxg1 Nf2# 0-1

[Event "Titled Tue 27th May Early"]
[Site "chess.com INT"]
[Date "2025.05.27"]
[Round "11"]
[White "Sarasketa Irastortza, Oier"]
[Black "Ramirez Gonzalez, Maria Jose"]
[Result "1-0"]
[WhiteTitle "CM"]
[BlackTitle "WFM"]
[WhiteElo "2190"]
[BlackElo "1849"]
[WhiteFideId "54728207"]
[BlackFideId "6503349"]
[EventDate "2025.05.27"]

1. d4 Nf6 2. c4 c5 3. d5 b5 4. Qc2 b4 5. e4 g6 6. f4 d6 7. Bd3 Bg7 8. Nf3 O-O 9.
O-O a5 10. a4 Na6 11. Kh1 Nd7 12. Be3 b3 13. Qxb3 Rb8 14. Qd1 Rxb2 15. Na3 Nb4
16. Nb5 Nxd3 17. Qxd3 Ba6 18. Rab1 Bxb5 19. cxb5 Nb6 20. Rxb2 Bxb2 21. Qb3 Bg7
22. Nd2 Qd7 23. Nc4 Rb8 24. Bd2 f5 25. Nxb6 Rxb6 26. Bxa5 Rb8 27. Qc4 Bd4 28. e5
dxe5 29. fxe5 Qa7 30. d6+ Kf8 31. dxe7+ Kxe7 32. Qd5 Qxa5 33. Qd6+ Ke8 34. Qxb8+
Qd8 35. Qxd8+ Kxd8 36. Rc1 Bxe5 37. Rxc5 Bd4 38. Rd5+ 1-0

[Event "Titled Tue 27th May Early"]
[Site "chess.com INT"]
[Date "2025.05.27"]
[Round "11"]
[White "Karttunen, Mika"]
[Black "Nikologorskiy, Konstantin"]
[Result "0-1"]
[WhiteTitle "IM"]
[BlackTitle "IM"]
[WhiteElo "2490"]
[BlackElo "2413"]
[WhiteFideId "502081"]
[BlackFideId "24111708"]
[EventDate "2025.05.27"]

1. e4 c5 2. Nf3 d6 3. d4 cxd4 4. Nxd4 Nf6 5. Nc3 a6 6. Be3 e5 7. Nb3 Be6 8. f3
Be7 9. Qd2 h5 10. Nd5 Nxd5 11. exd5 Bf5 12. Be2 Nd7 13. O-O Rc8 14. c4 O-O 15.
f4 exf4 16. Bxf4 Nf6 17. Nd4 Bg6 18. Qb4 Qd7 19. Kh1 Ne4 20. Rae1 Bf6 21. Nf3
Rfe8 22. Qb6 h4 23. Ng1 Be5 24. Nh3 Bf5 25. Bxe5 Rxe5 26. Nf4 Rce8 27. Rd1 h3
28. Bf3 Ng5 29. gxh3 Nxf3 30. Rxf3 Be4 31. Rf1 Bxf3+ 32. Rxf3 Re1+ 33. Kg2 Qf5
34. Qxd6 R8e2+ 35. Rf2 Qg5+ 36. Kf3 Re3# 0-1

[Event "Titled Tue 27th May Early"]
[Site "chess.com INT"]
[Date "2025.05.27"]
[Round "11"]
[White "Garcia Correa, Jose Ricardo"]
[Black "Golubova, Anna"]
[Result "0-1"]
[WhiteTitle "FM"]
[BlackTitle "WIM"]
[WhiteElo "2103"]
[BlackElo "2112"]
[WhiteFideId "5101832"]
[BlackFideId "24173606"]
[EventDate "2025.05.27"]

1. e4 g6 2. d4 Bg7 3. Nc3 d6 4. Be3 c6 5. f3 b5 6. Qd2 b4 7. Nce2 a5 8. h4 h5 9.
Nh3 Qc7 10. Ng5 Nd7 11. Nc1 Ba6 12. Nd3 Ngf6 13. g3 O-O 14. Bh3 c5 15. c3 bxc3
16. bxc3 cxd4 17. cxd4 Rab8 18. Rc1 Qb7 19. O-O Rfc8 20. Rxc8+ Rxc8 21. Rc1
Rxc1+ 22. Nxc1 a4 23. Qc2 Nb6 24. e5 dxe5 25. dxe5 Nfd5 26. e6 f5 27. Bf2 Qc8
28. Qd2 Qc3 29. Qxc3 Bxc3 30. g4 Bd2 31. Bxb6 Nxb6 32. Nb3 axb3 33. axb3 fxg4
34. fxg4 Be3+ 35. Kg2 Bb7+ 36. Kf1 Bxg5 37. hxg5 h4 38. Ke2 Bd5 39. b4 Bxe6 40.
Ke3 Nd5+ 41. Kd4 Nxb4 42. Ke5 Kf7 0-1

[Event "Titled Tue 27th May Early"]
[Site "chess.com INT"]
[Date "2025.05.27"]
[Round "11"]
[White "Souleidis, Georgios"]
[Black "Yanev, Tihomir"]
[Result "1-0"]
[WhiteTitle "IM"]
[BlackTitle "IM"]
[WhiteElo "2418"]
[BlackElo "2354"]
[WhiteFideId "4206827"]
[BlackFideId "2910110"]
[EventDate "2025.05.27"]

1. e4 c6 2. Nc3 d5 3. Nf3 Bg4 4. h3 Bxf3 5. Qxf3 e6 6. d4 dxe4 7. Qxe4 Nf6 8.
Qd3 Nbd7 9. Be2 Be7 10. O-O O-O 11. Bf4 c5 12. Rfd1 cxd4 13. Qxd4 Nc5 14. Qxd8
Rfxd8 15. Bf3 Rxd1+ 16. Rxd1 Rc8 17. Rd2 Kf8 18. Nb5 a6 19. Nd6 Bxd6 20. Bxd6+
Ke8 21. Bxc5 Rxc5 22. Bxb7 a5 23. Bf3 Nd5 24. Bxd5 exd5 25. Kf1 Kd7 26. Ke2 Kc6
27. Kd3 Rb5 28. b3 Rb4 29. Re2 Rf4 30. f3 Rf5 31. Re7 h5 32. c3 h4 33. a4 Rg5
34. Re2 Kc5 35. Rb2 Kc6 36. b4 axb4 37. cxb4 Rf5 38. b5+ Kb6 39. a5+ Kb7 40. b6
d4 41. a6+ Kb8 42. a7+ Kb7 43. Ra2 Ka8 44. b7+ 1-0

[Event "Titled Tue 27th May Early"]
[Site "chess.com INT"]
[Date "2025.05.27"]
[Round "11"]
[White "May Sanchez, Andres Elias"]
[Black "Zaw, Ye Htut"]
[Result "0-1"]
[WhiteTitle "CM"]
[BlackTitle "CM"]
[WhiteElo "2209"]
[BlackElo "2180"]
[WhiteFideId "5150973"]
[BlackFideId "13013955"]
[EventDate "2025.05.27"]

1. e4 d5 2. exd5 Qxd5 3. Nf3 Nf6 4. c4 Qa5 5. Nc3 Nc6 6. d4 Bg4 7. d5 Ne5 8. Be2
Bxf3 9. gxf3 O-O-O 10. f4 Ng6 11. O-O e6 12. Bf3 exd5 13. cxd5 Bd6 14. Qd4 Qb6
15. Qc4 Rhe8 16. Be3 Qb4 17. Qxb4 Bxb4 18. Rfd1 Bd6 19. f5 Nh4 20. Bh1 Nxf5 21.
Bxa7 b6 22. Nb5 Kb7 23. a4 Ne4 24. a5 Bc5 25. axb6 cxb6 26. d6 Bxf2+ 27. Kg2
Ne3+ 28. Kh3 Nxd1 29. Bb8 Kxb8 30. Nc7 Kc8 31. Ra8+ Kd7 32. Ra7 Kxd6 33. Nxe8+
Rxe8 34. Ra6 Re6 35. Bf3 Rh6+ 36. Kg2 Ne3+ 37. Kh1 Ng3# 0-1

[Event "Titled Tue 27th May Early"]
[Site "chess.com INT"]
[Date "2025.05.27"]
[Round "11"]
[White "Shukhman, Anna"]
[Black "Rubes, Jan"]
[Result "1-0"]
[WhiteTitle "WGM"]
[BlackTitle "IM"]
[WhiteElo "2413"]
[BlackElo "2426"]
[WhiteFideId "54180058"]
[BlackFideId "338176"]
[EventDate "2025.05.27"]

1. e4 e5 2. Nf3 Nc6 3. d4 exd4 4. Nxd4 Bc5 5. Nb3 Bb6 6. Nc3 a5 7. a4 Nf6 8. Qe2
O-O 9. Bg5 h6 10. Bh4 Nd4 11. Qd3 Nxb3 12. cxb3 c6 13. O-O-O g5 14. Bg3 d5 15.
h4 dxe4 16. Nxe4 Bf5 17. Qxd8 Bxd8 18. Nd6 Be6 19. hxg5 hxg5 20. Be5 Nh7 21. Bd3
f5 22. Bc4 Bxc4 23. Nxc4 Bf6 24. Rd7 Bxe5 25. Nxe5 Nf6 26. Rxb7 Rab8 27. Rxb8
Rxb8 28. Rh6 Ne4 29. f3 Nc5 30. Rg6+ Kf8 31. Rxg5 Rxb3 32. Nxc6 Nxa4 33. Rxf5+
Ke8 34. Rxa5 Nxb2 35. Kc2 Rb6 36. Ne5 Ke7 37. Ra2 Kf6 38. Rxb2 1-0

[Event "Titled Tue 27th May Early"]
[Site "chess.com INT"]
[Date "2025.05.27"]
[Round "11"]
[White "Kosteniuk, Alexandra"]
[Black "Korneev Leskova, Svyatoslav"]
[Result "1-0"]
[WhiteTitle "GM"]
[BlackTitle "CM"]
[WhiteElo "2479"]
[BlackElo "2172"]
[WhiteFideId "4128125"]
[BlackFideId "22267565"]
[EventDate "2025.05.27"]

1. e4 Nc6 2. Nf3 d6 3. Bc4 Nf6 4. d3 Bg4 5. Nbd2 g6 6. c3 Bg7 7. h3 Bxf3 8. Nxf3
O-O 9. Bb3 e5 10. O-O h6 11. Re1 Kh7 12. Ba4 Ne7 13. d4 Nd7 14. Bxd7 Qxd7 15.
dxe5 Rad8 16. exd6 cxd6 17. Be3 b6 18. Qd2 d5 19. Rad1 Qb7 20. e5 Nc6 21. Bf4
Rfe8 22. Re2 b5 23. Bg3 b4 24. cxb4 Nxb4 25. a3 Nc6 26. Rde1 Re6 27. Qd3 Qb6 28.
b4 a6 29. h4 Qb5 30. Qxb5 axb5 31. Rc1 Ra8 32. Rc3 Ra6 33. Rd3 f6 34. Rxd5 fxe5
35. Re3 e4 36. Nd2 Nd4 37. Rxe4 Rxe4 38. Nxe4 Rxa3 39. Rd7 Kg8 40. Rxg7+ Kxg7
41. Be5+ Kf7 42. Bxd4 Rb3 43. Bc5 Ke6 44. f3 1-0

[Event "Titled Tue 27th May Early"]
[Site "chess.com INT"]
[Date "2025.05.27"]
[Round "11"]
[White "Bustelo, Tabare"]
[Black "Duarte Cramer, Lily Jeanette"]
[Result "1-0"]
[WhiteTitle "CM"]
[BlackTitle "WCM"]
[WhiteElo "2043"]
[BlackElo "1828"]
[WhiteFideId "3000362"]
[BlackFideId "29620180"]
[EventDate "2025.05.27"]

1. d4 Nf6 2. Bg5 g6 3. Bxf6 exf6 4. e4 Bg7 5. Bd3 O-O 6. Nf3 c5 7. dxc5 Qa5+ 8.
Nc3 Qxc5 9. O-O Nc6 10. Nd5 f5 11. Nc7 Rb8 12. exf5 Bxb2 13. fxg6 Bxa1 14. gxh7+
Kh8 15. Qxa1+ f6 16. Re1 d5 17. Ng5 d4 18. Nge6 Bxe6 19. Nxe6 Qd6 20. Nxf8 Rxf8
21. Qd1 Ne5 22. Bf5 Rf7 23. Qh5 Qe7 24. Kh1 Rg7 25. f4 Rf7 26. fxe5 fxe5 27. Be4
Qf6 28. Qe2 Qf4 29. Kg1 Rg7 30. Rf1 Rg6 31. Bxg6 Qh6 32. Rf7 1-0

[Event "Titled Tue 27th May Early"]
[Site "chess.com INT"]
[Date "2025.05.27"]
[Round "11"]
[White "So, Wesley"]
[Black "Giri, Anish"]
[Result "1/2-1/2"]
[WhiteTitle "GM"]
[BlackTitle "GM"]
[WhiteElo "2751"]
[BlackElo "2738"]
[WhiteFideId "5202213"]
[BlackFideId "24116068"]
[EventDate "2025.05.27"]

1. e4 c5 2. Nf3 d6 3. d4 cxd4 4. Nxd4 Nf6 5. Nc3 a6 6. Be3 e5 7. Nf3 Be7 8. Bc4
O-O 9. Bb3 Be6 10. O-O Qc8 11. Qd3 b5 12. Rfc1 Nbd7 13. Nd2 Nc5 14. Bxe6 fxe6
15. Bxc5 Qxc5 16. Qh3 Qc8 17. Nd1 d5 18. Ne3 Bc5 19. exd5 exd5 20. Qxc8 Raxc8
21. c3 Kf7 22. Nf3 Rfe8 23. Re1 Rcd8 24. Rad1 h6 25. Kf1 g5 26. h3 Kg6 27. Ng4
Nxg4 28. hxg4 e4 29. Nd4 h5 30. gxh5+ Kxh5 31. Nf5 Kg6 32. Ne3 d4 33. cxd4 Bxd4
34. Rd2 Bxe3 35. Rxd8 Rxd8 36. Rxe3 Kf5 37. Ke2 Rc8 38. Ra3 Rc2+ 39. Ke3 Rxb2
40. Rxa6 Rb1 41. Ra5 Re1+ 42. Kd2 Rb1 43. Ke3 Re1+ 44. Kd2 Rb1 45. Ke3 1/2-1/2

[Event "Titled Tue 27th May Early"]
[Site "chess.com INT"]
[Date "2025.05.27"]
[Round "11"]
[White "Khodashenas, Mersad"]
[Black "Idani, Pouya"]
[Result "0-1"]
[WhiteTitle "IM"]
[BlackTitle "GM"]
[WhiteElo "2471"]
[BlackElo "2630"]
[WhiteFideId "12514195"]
[BlackFideId "12510130"]
[EventDate "2025.05.27"]

1. e4 g6 2. d4 Bg7 3. Nf3 d6 4. Be2 Nf6 5. Nc3 O-O 6. O-O a6 7. a4 Nc6 8. Be3
Bg4 9. d5 Bxf3 10. Bxf3 Ne5 11. Be2 c6 12. f4 Ned7 13. dxc6 bxc6 14. Bf3 Qc7 15.
Qd2 a5 16. b3 e5 17. Rad1 exf4 18. Bxf4 Ne8 19. Ne2 Ne5 20. h4 h5 21. Ng3 Rd8
22. Bxh5 gxh5 23. Nxh5 Qe7 24. Qf2 Ng6 25. Bg5 f6 26. Bd2 Qe5 27. Qf5 Qxf5 28.
exf5 Ne5 29. Bxa5 Ra8 30. Bb4 c5 31. Bc3 Kf7 32. Nf4 Bh6 33. Nd5 Rg8 34. Kh2 Rg4
35. Kh3 Re4 36. Bd2 Bxd2 37. Rxd2 Rd8 38. Nc3 Re3+ 39. Kh2 Rxc3 40. a5 Nc7 41.
Ra1 Na6 42. Ra4 d5 43. h5 Kg7 44. Rh4 Kh6 45. Re2 Rg8 0-1

[Event "Titled Tue 27th May Early"]
[Site "chess.com INT"]
[Date "2025.05.27"]
[Round "11"]
[White "Modric, Nesa"]
[Black "Zong, Davis"]
[Result "0-1"]
[WhiteTitle "CM"]
[BlackTitle "FM"]
[WhiteElo "2088"]
[BlackElo "2242"]
[WhiteFideId "922579"]
[BlackFideId "30903955"]
[EventDate "2025.05.27"]

1. d4 d5 2. Bg5 f6 3. Bh4 Nh6 4. f3 Nc6 5. Nc3 Nf5 6. Bf2 e5 7. e3 Be6 8. Bb5
Bb4 9. Ne2 O-O 10. O-O a6 11. Bd3 Nfe7 12. e4 exd4 13. Nxd4 Nxd4 14. Bxd4 c5 15.
Bf2 d4 16. Ne2 Nc6 17. Nf4 Bf7 18. Qe2 b5 19. b3 Ne5 20. a4 c4 21. bxc4 bxc4 22.
Rab1 cxd3 23. Nxd3 Nxd3 24. Qxd3 Bc3 25. Rb7 Qc8 26. Rfb1 Ba2 27. R1b6 Bc4 28.
Qd1 Qc5 29. f4 Rf7 30. Rb8+ Rxb8 31. Rxb8+ Rf8 32. Rb7 Qc6 33. Re7 Bb4 34. Ra7
Bc5 35. Bxd4 Rd8 36. Rxg7+ Kxg7 37. Qg4+ Kh8 38. c3 Bxd4+ 39. cxd4 Qxe4 40. h3
Rg8 0-1

[Event "Titled Tue 27th May Early"]
[Site "chess.com INT"]
[Date "2025.05.27"]
[Round "11"]
[White "Zhukovskyi, Oleksandr"]
[Black "Iljin, Timofey"]
[Result "0-1"]
[WhiteTitle "CM"]
[BlackTitle "IM"]
[WhiteElo "2153"]
[BlackElo "2242"]
[WhiteFideId "14169371"]
[BlackFideId "14110180"]
[EventDate "2025.05.27"]

1. b3 b6 2. Bb2 Bb7 3. c4 e6 4. Nf3 Nc6 5. g3 d5 6. Bg2 Qd7 7. cxd5 exd5 8. O-O
O-O-O 9. Nc3 f6 10. a3 h5 11. h4 g5 12. hxg5 h4 13. Nxh4 fxg5 14. Ng6 Rh6 15.
Nxf8 Rxf8 16. Nxd5 Ne5 17. Bxe5 Bxd5 18. e4 Be6 19. Rc1 c5 20. d4 Bg4 21. Qd3
Bh3 22. Qa6+ Kd8 23. dxc5 Bxg2 24. Rfd1 Rh1+ 25. Kxg2 Rxd1 26. Bc7+ Ke8 27. Rxd1
Qxd1 28. Qb5+ Kf7 29. Qc4+ Kg6 30. Be5 Qf3+ 31. Kh3 Qh1+ 32. Kg4 Qh5# 0-1

[Event "Titled Tue 27th May Early"]
[Site "chess.com INT"]
[Date "2025.05.27"]
[Round "11"]
[White "Karpenko, Anton"]
[Black "Jaskolka, Tomasz"]
[Result "1-0"]
[WhiteTitle "CM"]
[BlackTitle "CM"]
[WhiteElo "2218"]
[BlackElo "2200"]
[WhiteFideId "34374353"]
[BlackFideId "1170791"]
[EventDate "2025.05.27"]

1. e4 e6 2. d4 d5 3. e5 c5 4. c3 Nc6 5. Nf3 f6 6. Bb5 Bd7 7. Bxc6 bxc6 8. O-O
Be7 9. Nbd2 cxd4 10. cxd4 c5 11. dxc5 Bxc5 12. Nb3 Bb6 13. Re1 fxe5 14. Nxe5 Nf6
15. Be3 O-O 16. Bxb6 Qxb6 17. Qd4 Qd6 18. Rac1 Rad8 19. Nc5 Bc8 20. Ncd3 Ba6 21.
Rc6 Qb8 22. Rxa6 Qb5 23. Rxe6 Rc8 24. Re7 Rc2 25. Qxa7 Nh5 26. Qd7 Qa6 27. Qe6+
Qxe6 28. Rxe6 d4 29. Rd6 Nf6 30. Rxd4 Ra8 31. a3 h5 32. h3 Kh7 33. Rc1 Rd2 34.
Rdc4 Nd5 35. R4c2 Rxc2 36. Rxc2 Kh6 37. Rc5 Nf6 38. Nc6 Re8 39. Nde5 Ne4 40. Rc4
Nd6 41. Rd4 Nf5 42. Rd8 Re6 43. a4 Nd6 44. Rxd6 Rxd6 45. Nf7+ Kg6 46. Nxd6 h4
47. a5 Kh5 48. a6 g5 49. a7 g4 50. a8=Q gxh3 51. Qe8+ Kg5 52. Ne4+ Kf4 53. Qe5+
Kg4 54. f3# 1-0

[Event "Titled Tue 27th May Early"]
[Site "chess.com INT"]
[Date "2025.05.27"]
[Round "11"]
[White "Samunenkov, Ihor"]
[Black "Jumabayev, Rinat"]
[Result "0-1"]
[WhiteTitle "GM"]
[BlackTitle "GM"]
[WhiteElo "2572"]
[BlackElo "2551"]
[WhiteFideId "14187086"]
[BlackFideId "13702661"]
[EventDate "2025.05.27"]

1. e4 e6 2. d4 d5 3. Nd2 c5 4. exd5 Qxd5 5. Ngf3 cxd4 6. Bc4 Qd6 7. O-O Nf6 8.
Nb3 Nc6 9. Nbxd4 Nxd4 10. Nxd4 Bd7 11. c3 Qc7 12. Bb5 Bc5 13. Bxd7+ Qxd7 14. Nb3
Qxd1 15. Rxd1 Bb6 16. Be3 Bxe3 17. fxe3 Ke7 18. Na5 Rhc8 19. Rd4 Rc7 20. Rad1
Rac8 21. Kf2 Nd7 22. Nc4 b5 23. Nd6 Rb8 24. Ne4 Ne5 25. R1d2 h6 26. Ke2 a5 27.
Rc2 b4 28. c4 f5 29. Nd6 Rc6 30. c5 Nd7 31. e4 f4 32. e5 g5 33. Ne4 Nxe5 34. Rd6
b3 35. axb3 Rxb3 36. Rcd2 Re3+ 37. Kf2 Rxe4 38. Rd8 Rxc5 39. Rh8 Rd5 40. Rh7+
Nf7 0-1

[Event "Titled Tue 27th May Early"]
[Site "chess.com INT"]
[Date "2025.05.27"]
[Round "11"]
[White "Berezin, Viktor RUS"]
[Black "Li, Hui"]
[Result "0-1"]
[WhiteTitle "FM"]
[BlackTitle "CM"]
[WhiteElo "1921"]
[BlackElo "2041"]
[WhiteFideId "4128869"]
[BlackFideId "15400310"]
[EventDate "2025.05.27"]

1. e4 e5 2. Nf3 Nf6 3. Nxe5 d6 4. Nf3 Nxe4 5. d4 d5 6. Bd3 Be7 7. O-O Nc6 8. c4
Nb4 9. Be2 O-O 10. Nc3 Bf5 11. a3 Nxc3 12. bxc3 Nc6 13. Bf4 dxc4 14. Bxc4 Bd6
15. Bxd6 Qxd6 16. Re1 Bg4 17. h3 Bh5 18. Qd3 Rad8 19. Re3 Bg6 20. Qe2 Na5 21.
Bd3 Nb3 22. Re1 Qxa3 23. Bxg6 hxg6 24. Re7 c5 25. Qc4 cxd4 26. Ne5 Qxe7 27. Nd3
Qa3 28. Rb1 Nd2 0-1

[Event "Titled Tue 27th May Early"]
[Site "chess.com INT"]
[Date "2025.05.27"]
[Round "11"]
[White "Krzywda, Andrzej"]
[Black "Swara Lakshmi S Nair"]
[Result "1-0"]
[WhiteTitle "CM"]
[BlackTitle "WCM"]
[WhiteElo "2175"]
[BlackElo "2178"]
[WhiteFideId "1114565"]
[BlackFideId "25629239"]
[EventDate "2025.05.27"]

1. e4 c5 2. Nf3 d6 3. d4 cxd4 4. Nxd4 Nf6 5. Nc3 Nc6 6. Bg5 e6 7. Qd2 Be7 8.
O-O-O a6 9. f4 Bd7 10. Bxf6 gxf6 11. Nxc6 bxc6 12. f5 Qa5 13. Kb1 c5 14. Be2 Qb6
15. fxe6 fxe6 16. Bh5+ Kd8 17. Ka1 Kc7 18. Bg4 h5 19. Bh3 Rhb8 20. Rb1 a5 21.
Rhd1 a4 22. a3 Qc6 23. Qh6 Rh8 24. Qf4 Rab8 25. Qf1 Rb7 26. Qc4 f5 27. exf5 d5
28. Qe2 Bf6 29. fxe6 Bxc3 30. bxc3 Rhb8 31. Qe5+ Kd8 32. exd7 Qh6 33. Qxb8+ Rxb8
34. Rxb8+ Ke7 35. d8=Q+ 1-0

[Event "Titled Tue 27th May Early"]
[Site "chess.com INT"]
[Date "2025.05.27"]
[Round "11"]
[White "Pribelszky, Bence"]
[Black "Lisenkov, Svyatoslav"]
[Result "0-1"]
[WhiteTitle "IM"]
[BlackTitle "CM"]
[WhiteElo "2400"]
[BlackElo "2241"]
[WhiteFideId "769738"]
[BlackFideId "34264183"]
[EventDate "2025.05.27"]

1. Nf3 Nf6 2. b3 g6 3. Bb2 Bg7 4. c4 O-O 5. Nc3 d6 6. e3 e5 7. Be2 Nbd7 8. O-O
e4 9. Nd4 a5 10. d3 exd3 11. Qxd3 Nc5 12. Qc2 Re8 13. Bf3 Ng4 14. h3 Ne5 15. Be2
Qh4 16. Rad1 Bxh3 17. gxh3 Qxh3 18. Rfe1 Ng4 19. Bxg4 Qxg4+ 20. Kf1 Qh3+ 21. Ke2
Rxe3+ 22. Kd2 Rxe1 23. Kxe1 Re8+ 24. Nde2 Qf3 25. Nd5 Ne4 26. Ng1 Nxf2+ 27. Ne2
Ne4 28. Ng1 Qg3+ 29. Kf1 Bxb2 30. Qxb2 Re5 31. Ne7+ Rxe7 32. Qg2 Qf4+ 0-1

[Event "Titled Tue 27th May Early"]
[Site "chess.com INT"]
[Date "2025.05.27"]
[Round "11"]
[White "Kovalenko, Igor"]
[Black "Papaioannou, Dimitrios"]
[Result "0-1"]
[WhiteTitle "GM"]
[BlackTitle "CM"]
[WhiteElo "2676"]
[BlackElo "2200"]
[WhiteFideId "14117908"]
[BlackFideId "25865137"]
[EventDate "2025.05.27"]

1. e4 c5 2. Nf3 d6 3. Bb5+ Nd7 4. O-O a6 5. Bxd7+ Bxd7 6. d4 cxd4 7. Nxd4 Nf6 8.
Re1 e5 9. Nb3 Rc8 10. Nc3 Be7 11. Bg5 Be6 12. Bxf6 Bxf6 13. Nd5 O-O 14. c3 Bg5
15. Qd3 Kh8 16. Rad1 f5 17. Re2 fxe4 18. Qxe4 b5 19. Nb4 Bc4 20. Rc2 a5 21. Nd5
a4 22. Nc1 Rc5 23. Nb4 Be6 24. Ncd3 Rc4 25. Qe1 Bg4 26. f3 Bf5 27. Re2 Qb6+ 28.
Nf2 a3 29. b3 Rc5 30. Kh1 Rfc8 31. Ne4 Bxe4 32. Rxe4 Qb7 33. Rxd6 Rxc3 34. Rd1
h6 35. h4 Bf4 36. Nd5 Rc2 37. Nxf4 exf4 38. Re8+ Kh7 39. Rxc8 Rxc8 40. Qe2 Qf7
41. Qe4+ Kh8 42. Kh2 Qf6 43. Kh3 Rf8 44. Re1 Qb2 45. Re2 Qa1 46. Kh2 Qc1 47. Qe7
Rg8 48. Qxa3 Qxa3 0-1

[Event "Titled Tue 27th May Early"]
[Site "chess.com INT"]
[Date "2025.05.27"]
[Round "11"]
[White "Vaganian, Rafael A"]
[Black "Gabrielian, Artur"]
[Result "0-1"]
[WhiteTitle "GM"]
[BlackTitle "GM"]
[WhiteElo "2449"]
[BlackElo "2419"]
[WhiteFideId "13300016"]
[BlackFideId "4131002"]
[EventDate "2025.05.27"]

1. d4 Nf6 2. Nf3 e6 3. e3 b6 4. Bd3 Bb7 5. O-O c5 6. c4 Be7 7. Nc3 O-O 8. d5
exd5 9. cxd5 Nxd5 10. Nxd5 Bxd5 11. Bxh7+ Kxh7 12. Qxd5 Nc6 13. e4 Kg8 14. Rd1
Nb4 15. Qh5 Qe8 16. Bf4 f5 17. Qxe8 Raxe8 18. e5 c4 19. Rxd7 Nd3 20. g3 Bc5 21.
Be3 Bxe3 22. fxe3 Rf7 23. Rxf7 Kxf7 24. Rb1 b5 25. Kf1 a6 26. Ke2 Ke6 27. b3 Kd5
28. bxc4+ bxc4 29. Rb7 g5 30. Rd7+ Kc6 31. Rd4 Kc5 32. Nxg5 Nxe5 33. h4 Ng4 34.
Kd2 Nxe3 35. Rf4 c3+ 36. Kd3 c2 37. Kd2 Rd8+ 38. Ke2 c1=Q 39. Ne6+ Kb6 40. Nxd8
Nd5 41. Rxf5 Qc2+ 42. Kf3 Qxf5+ 43. Kg2 Ne3+ 44. Kh2 Qf2+ 45. Kh3 Qg2# 0-1